| 000 | 00910 aa a2200217 4500 | ||
|---|---|---|---|
| 005 | 20120620133941.0 | ||
| 010 | _a | ||
| 020 |
_c70.00 _a |
||
| 035 | _aA-975046 | ||
| 037 | _bpub | ||
| 082 | _a604.2 | ||
| 100 |
_aपारीक, हेमंत कुमार _949346 |
||
| 245 |
_aयांत्रिक आरेखन एवं संगणक चित्रण / _cहेमंत कुमार पारीक |
||
| 246 |
_a _b |
||
| 260 |
_aभोपाल _bमध्यप्रदेश हिन्दी ग्रन्थ अकादमी _c1997 |
||
| 270 |
_a _b _e |
||
| 300 |
_a238पृ _c22 सेमी (सजिल्द) |
||
| 490 |
_a _949347 |
||
| 942 |
_adpl _cHN _k _2ddc _h604.2 _mपारीक |
||
| 999 |
_c68081 _d68081 |
||